GTA V heists - Statistics

General Stats
  • This quiz has been taken 447 times
  • The average score is 3 of 16
Answer Stats
Answer % Correct
The Prison Break
39%
The Fleeca Job
38%
The Cayo Perico Heist
32%
The Pacific Standard
31%
The Humane Labs
30%
The Big One
27%
The Paleto Score
27%
The Jewel Store Job
25%
The Casino Heist
24%
The Merryweather Heist
23%
Blitz Play
11%
The Bureau Raid
11%
The Bogdan Problem
8%
The Doomsday Scenario
6%
The Data Breaches
4%
A series of Funding
1%
No matching quizzes found
Score Distribution
Percent of People with Each Score
Percentile by Number Answered
Your Score History
You have not taken this quiz